[Event "Berliner Sommer 12th"]
[Site "Berlin"]
[Date "1994.??.??"]
[Round "?"]
[White "Bagirov, Vladimir"]
[Black "Boguslawsky, Maxim"]
[Result "1-0"]
[WhiteElo "2510"]
[BlackElo "2300"]
[PlyCount "53"]
[EventDate "1994.08.??"]
[EventType "swiss"]
[EventRounds "9"]
[EventCountry "GER"]
[SourceTitle "EXT 1997"]
[Source "ChessBase"]
[SourceDate "1996.11.15"]
[SourceVersion "1"]
[SourceVersionDate "1996.11.15"]
[SourceQuality "1"]

1. b3 d5 2. Bb2 e6 3. e3 Nf6 4. f4 Be7 5. Nf3 b6 6. Be2 Bb7 7. 0-0 0-0 8. Qe1 c5 9. Qg3 Nbd7 10. d3 Qc7 11. Ne5 d4 12. Nxd7 Nxd7 13. exd4 Bf6 14. c4 Rad8 15. Bc3 Bxd4+ 16. Bxd4 cxd4 17. Nd2 Nf6 18. Rae1 Qc5 19. Bf3 Bxf3 20. Nxf3 Qc7 21. Qh4 Ne8 22. Re5 Nd6 23. g4 Nb7 24. Rh5 h6 25. g5 Qe7 26. Ne5 Rd6 27. Rf3 1-0

[Event "Berliner Sommer 12th"]
[Site "Berlin"]
[Date "1994.??.??"]
[Round "?"]
[White "Muse, Mladen"]
[Black "Boguslawsky, Maxim"]
[Result "1-0"]
[WhiteElo "2455"]
[BlackElo "2300"]
[PlyCount "87"]
[EventDate "1994.08.??"]
[EventType "swiss"]
[EventRounds "9"]
[EventCountry "GER"]
[SourceTitle "EXT 1997"]
[Source "ChessBase"]
[SourceDate "1996.11.15"]
[SourceVersion "1"]
[SourceVersionDate "1996.11.15"]
[SourceQuality "1"]

1. d4 d5 2. c4 e6 3. Nc3 c6 4. e3 Nf6 5. Qc2 Nbd7 6. Nf3 Bd6 7. Be2 0-0 8. 0-0 Re8 9. b3 b6 10. e4 Nxe4 11. Nxe4 dxe4 12. Qxe4 Bb7 13. Bb2 Qe7 14. Rad1 Rad8 15. Bd3 f5 16. Qe2 Nf6 17. Bc2 c5 18. dxc5 Bxc5 19. Rxd8 Rxd8 20. Ne5 Ne4 21. Nd3 Qg5 22. Bc1 Nd2 23. g3 Nf3+ 24. Qxf3 Qxc1 25. Qxb7 Qxc2 26. Nxc5 bxc5 27. Qe7 Qd3 28. Qxe6+ Kh8 29. Qe5 h6 30. Qxc5 f4 31. Qxa7 f3 32. Qe3 Qe2 33. h3 Rd3 34. Qc1 Rd2 35. a4 Qd3 36. c5 Qd7 37. Qe1 Re2 38. Qc3 Qf5 39. c6 Rc2 40. g4 Qe4 41. Re1 Re2 42. Rxe2 fxe2 43. Qe1 Qc2 44. c7 1-0

[Event "Dortmund op-A"]
[Site "Dortmund"]
[Date "1993.??.??"]
[Round "4"]
[White "Blecken, Volker"]
[Black "Boguslawsky, Maxim"]
[Result "1/2-1/2"]
[WhiteElo "2200"]
[BlackElo "2360"]
[PlyCount "147"]
[EventDate "1993.04.??"]
[EventType "swiss"]
[EventRounds "11"]
[EventCountry "GER"]
[SourceTitle "TD"]
[Source "ChessBase"]
[SourceDate "1994.03.01"]
[SourceVersion "1"]
[SourceVersionDate "1994.03.01"]
[SourceQuality "1"]

1. d4 d5 2. c4 e6 3. Nf3 c6 4. Nc3 Nf6 5. e3 Nbd7 6. Qc2 Bd6 7. Be2 0-0 8. 0-0 Re8 9. Rd1 Qe7 10. e4 Nxe4 11. Nxe4 dxe4 12. Qxe4 e5 13. Bg5 Qf8 14. Qh4 h6 15. Be3 e4 16. Nd2 g5 17. Qh3 f5 18. c5 Bc7 19. Bc4+ Kg7 20. d5 cxd5 21. Bxd5 Nf6 22. Bd4 Be5 23. Nc4 Bxd4 24. Rxd4 Qxc5 25. Qc3 Kh7 26. Rad1 Rd8 27. Bf7 Rxd4 28. Rxd4 Qe7 29. Rd6 Kg7 30. Bd5 Rb8 31. Qd4 b6 32. a4 Bd7 33. h3 Rc8 34. b4 Rc7 35. g3 Rc8 36. Kg2 Rc7 37. h4 gxh4 38. gxh4 f4 39. f3 exf3+ 40. Kxf3 Bg4+ 41. Kxf4 Rd7 42. Bf3 Rxd6 43. Nxd6 Qe6 44. Be4 Bh3 45. Bf5 Qe1 46. Bxh3 Qxh4+ 47. Ke5 Qxh3 48. Qg1+ Qg4 49. Qxg4+ Nxg4+ 50. Kf4 Nf6 51. Nc8 Nd5+ 52. Ke4 Nxb4 53. Nxa7 Na6 54. Kd5 h5 55. Ke5 Kg6 56. Nc8 Kg5 57. Nxb6 h4 58. Nc4 h3 59. Nd2 Kg4 60. Ke4 Kg3 61. Ke3 Kg2 62. Nf3 Nb4 63. Nh4+ Kg3 64. Nf5+ Kg4 65. Nh6+ Kg3 66. Nf5+ Kg2 67. Nh4+ Kf1 68. Nf3 Nc6 69. Kf4 Kg2 70. Ne1+ Kf2 71. Nf3 Kg2 72. Nh4+ Kf2 73. Nf3 Nd4 74. Ng5 1/2-1/2

[Event "Dortmund op-A"]
[Site "Dortmund"]
[Date "1993.??.??"]
[Round "10"]
[White "Boguslawsky, Maxim"]
[Black "Theissen, Henning"]
[Result "0-1"]
[WhiteElo "2360"]
[BlackElo "2300"]
[PlyCount "96"]
[EventDate "1993.04.??"]
[EventType "swiss"]
[EventRounds "11"]
[EventCountry "GER"]
[SourceTitle "TD"]
[Source "ChessBase"]
[SourceDate "1994.03.01"]
[SourceVersion "1"]
[SourceVersionDate "1994.03.01"]
[SourceQuality "1"]

1. d4 Nf6 2. c4 g6 3. Nc3 Bg7 4. e4 d6 5. Be2 0-0 6. Nf3 e5 7. 0-0 Nc6 8. d5 Ne7 9. Nd2 a5 10. a3 Nd7 11. Rb1 f5 12. b4 Kh8 13. Qc2 Ng8 14. exf5 gxf5 15. f4 Ne7 16. Nf3 e4 17. Ne1 axb4 18. axb4 c6 19. Be3 Ng6 20. dxc6 bxc6 21. Qd2 Ra3 22. Nd1 Qf6 23. Nc2 Ra2 24. Rb3 d5 25. Nc3 Rxc2 26. Qxc2 d4 27. Bd2 d3 28. Qc1 dxe2 29. Nxe2 Qf7 30. Qc2 Nb6 31. c5 Be6 32. Ra3 Nc4 33. Ra6 Qb7 34. Ra4 Nxd2 35. Qxd2 Qb5 36. Ra3 Bf6 37. Nd4 Rd8 38. Ra8 Qxf1+ 39. Kxf1 Bc4+ 40. Ne2 Rxa8 41. Qd6 Kg7 42. g4 Ra1+ 43. Kf2 Ra2 44. g5 Rxe2+ 45. Kg3 Re3+ 46. Kf2 Rf3+ 47. Kg1 Rf1+ 48. Kg2 Nxf4+ 0-1

[Event "Dortmund op-A"]
[Site "Dortmund"]
[Date "1993.??.??"]
[Round "7"]
[White "Metz, Hartmut"]
[Black "Boguslawsky, Maxim"]
[Result "0-1"]
[WhiteElo "2270"]
[BlackElo "2360"]
[PlyCount "54"]
[EventDate "1993.04.??"]
[EventType "swiss"]
[EventRounds "11"]
[EventCountry "GER"]
[SourceTitle "TD"]
[Source "ChessBase"]
[SourceDate "1994.03.01"]
[SourceVersion "1"]
[SourceVersionDate "1994.03.01"]
[SourceQuality "1"]

1. e4 c5 2. Nf3 e6 3. d4 cxd4 4. Nxd4 Nf6 5. Nc3 Nc6 6. Ndb5 Bb4 7. a3 Bxc3+ 8. Nxc3 d5 9. exd5 exd5 10. Be2 d4 11. Na2 Bf5 12. Nb4 Nxb4 13. axb4 0-0 14. 0-0 Qd6 15. c3 d3 16. Bf3 Nd5 17. Ra5 Ne7 18. Bxb7 Rad8 19. Be3 d2 20. Bf3 Rfe8 21. Bd4 Bd3 22. Qxd2 Bxf1 23. Kxf1 Qxh2 24. g3 Nf5 25. Qf4 Nxd4 26. Rh5 Re1+ 27. Kxe1 Nxf3+ 0-1

[Event "Dortmund op-A"]
[Site "Dortmund"]
[Date "1993.??.??"]
[Round "6"]
[White "Namyslo, Holger"]
[Black "Boguslawsky, Maxim"]
[Result "1/2-1/2"]
[WhiteElo "2215"]
[BlackElo "2360"]
[PlyCount "42"]
[EventDate "1993.04.??"]
[EventType "swiss"]
[EventRounds "11"]
[EventCountry "GER"]
[SourceTitle "TD"]
[Source "ChessBase"]
[SourceDate "1994.03.01"]
[SourceVersion "1"]
[SourceVersionDate "1994.03.01"]
[SourceQuality "1"]

1. e4 c5 2. Nf3 e6 3. d4 cxd4 4. Nxd4 Nf6 5. Nc3 Nc6 6. Ndb5 Bb4 7. a3 Bxc3+ 8. Nxc3 d5 9. exd5 exd5 10. Bd3 0-0 11. 0-0 d4 12. Ne2 Qd5 13. Nf4 Qd6 14. Nh5 Nxh5 15. Qxh5 h6 16. Re1 Bd7 17. Bd2 Rae8 18. h3 a6 19. Qh4 b5 20. Bf4 Qd5 21. Bxh6 gxh6 1/2-1/2

[Event "Voskresensk"]
[Site "Voskresensk"]
[Date "1992.??.??"]
[Round "?"]
[White "Boguslawsky, Maxim"]
[Black "Beim, Valery"]
[Result "0-1"]
[WhiteElo "2420"]
[BlackElo "2480"]
[PlyCount "58"]
[EventDate "1992.??.??"]
[EventType "tourn"]
[EventRounds "11"]
[EventCountry "RUS"]
[EventCategory "9"]
[SourceTitle "CBM 031"]
[Source "ChessBase"]
[SourceDate "1992.12.01"]
[SourceVersion "1"]
[SourceVersionDate "1992.12.01"]
[SourceQuality "1"]

1. d4 d6 2. Nf3 g6 3. c4 f5 4. Nc3 Nf6 5. g3 Bg7 6. Bg2 0-0 7. 0-0 Qe8 8. d5 Na6 9. Nd4 Bd7 10. Rb1 c6 11. b4 c5 12. Ne6 cxb4 13. Nxf8 Kxf8 14. Nb5 Bxb5 15. cxb5 Qxb5 16. Qd2 Rc8 17. Bb2 Rc4 18. Rfc1 Rxc1+ 19. Rxc1 Nc5 20. Bxf6 Bxf6 21. Qh6+ Kg8 22. e4 fxe4 23. Bh3 Bc3 24. Qh4 Qe8 25. Be6+ Kg7 26. Rc2 Qf8 27. g4 h6 28. Qg3 Qf6 29. h4 Nxe6 0-1

[Event "Voskresensk"]
[Site "Voskresensk"]
[Date "1992.??.??"]
[Round "?"]
[White "Chernosvitov, Alexander"]
[Black "Boguslawsky, Maxim"]
[Result "1/2-1/2"]
[WhiteElo "2405"]
[BlackElo "2420"]
[PlyCount "26"]
[EventDate "1992.??.??"]
[EventType "tourn"]
[EventRounds "11"]
[EventCountry "RUS"]
[EventCategory "9"]
[SourceTitle "CBM 031"]
[Source "ChessBase"]
[SourceDate "1992.12.01"]
[SourceVersion "1"]
[SourceVersionDate "1992.12.01"]
[SourceQuality "1"]

1. e4 c5 2. Nf3 e6 3. d4 cxd4 4. Nxd4 Nc6 5. Nc3 Qc7 6. Be2 a6 7. Be3 Nf6 8. 0-0 Bb4 9. Na4 Be7 10. Nxc6 bxc6 11. Nb6 Rb8 12. Nxc8 Qxc8 13. b3 0-0 1/2-1/2

[Event "Protvino"]
[Site "Protvino"]
[Date "1992.??.??"]
[Round "?"]
[White "Tataev, Manach"]
[Black "Boguslawsky, Maxim"]
[Result "1-0"]
[WhiteElo "2310"]
[BlackElo "2420"]
[PlyCount "63"]
[EventDate "1992.??.??"]
[EventType "tourn"]
[EventRounds "13"]
[EventCountry "RUS"]
[EventCategory "6"]
[SourceTitle "EXT 1997"]
[Source "ChessBase"]
[SourceDate "1996.11.15"]
[SourceVersion "1"]
[SourceVersionDate "1996.11.15"]
[SourceQuality "1"]

1. d4 d5 2. c4 e6 3. Nc3 c6 4. e4 dxe4 5. Nxe4 Bb4+ 6. Bd2 Qxd4 7. Bxb4 Qxe4+ 8. Be2 c5 9. Bxc5 Qxg2 10. Qd2 Qxh1 11. 0-0-0 Nd7 12. Nf3 Qxd1+ 13. Qxd1 Nxc5 14. Qd4 Ne7 15. Qxc5 f6 16. Nd4 a6 17. Qd6 Kf7 18. c5 Re8 19. Bc4 Nc6 20. Nf5 Rd8 21. Qg3 g6 22. Nd6+ Kg7 23. h4 Ne5 24. Be2 b6 25. f4 Nc6 26. Qg2 Bd7 27. Bf3 bxc5 28. Bxc6 Ra7 29. Nb7 Rb8 30. Na5 Rd8 31. Qd2 Rc7 32. Qd6 1-0

[Event "Voskresensk"]
[Site "Voskresensk"]
[Date "1992.??.??"]
[Round "?"]
[White "Timoshenko, Georgy"]
[Black "Boguslawsky, Maxim"]
[Result "1/2-1/2"]
[WhiteElo "2495"]
[BlackElo "2420"]
[PlyCount "141"]
[EventDate "1992.??.??"]
[EventType "tourn"]
[EventRounds "11"]
[EventCountry "RUS"]
[EventCategory "9"]
[SourceTitle "CBM 031"]
[Source "ChessBase"]
[SourceDate "1992.12.01"]
[SourceVersion "1"]
[SourceVersionDate "1992.12.01"]
[SourceQuality "1"]

1. e4 c5 2. Nf3 e6 3. d4 cxd4 4. Nxd4 Nf6 5. Nc3 Nc6 6. Ndb5 Bb4 7. a3 Bxc3+ 8. Nxc3 d5 9. exd5 exd5 10. Bd3 0-0 11. 0-0 d4 12. Ne2 Qd5 13. b4 Rd8 14. Bb2 Bf5 15. Re1 Rac8 16. Ng3 Bxd3 17. Qxd3 Ne5 18. Qf5 Nc4 19. Bc1 Nd6 20. Qd3 Rc3 21. Qd1 d3 22. Bb2 Rxc2 23. Bxf6 gxf6 24. Qg4+ Qg5 25. Qd4 d2 26. Red1 Qe5 27. Qd3 Rdc8 28. Rab1 R8c3 29. Qe2 Qxe2 30. Nxe2 Rxa3 31. Nd4 Rca2 32. Kf1 Ne4 33. Nb5 Rd3 34. f3 Nc3 35. Nxc3 Rxc3 36. Ke2 Rcc2 37. b5 Kf8 38. Rb4 Rab2 39. Ra4 Ra2 40. Rh4 Kg7 41. Rg4+ Kf8 42. Rh4 Kg8 43. Rg4+ Kh8 44. Rf4 Rcb2 45. Rxf6 Kg7 46. Rf5 Ra5 47. Rxd2 Raxb5 48. Rxb5 Rxb5 49. Ra2 a5 50. Kd3 Kf6 51. Ra4 b6 52. Kc3 Rb1 53. Rh4 Rg1 54. Rh6+ Kg7 55. Rxb6 Rxg2 56. Ra6 Rxh2 57. Rxa5 Rf2 58. Rg5+ Kf6 59. Rg3 Ke5 60. Rh3 Kf4 61. Rxh7 f5 62. Rh5 Re2 63. Kd3 Re8 64. Kd2 Re5 65. Rh3 Re7 66. Rh5 Ra7 67. Ke2 Ra3 68. Rh3 Ra2+ 69. Kf1 Ke3 70. f4+ Kxf4 71. Rb3 1/2-1/2